Fr. Conceicao Rodrigues College of Engineering

Building portals with the Java portlet API (Record no. 32899)

MARC details
000 -LEADER
fixed length control field 00286nam a2200133Ia 4500
100 ## - MAIN ENTRY--PERSONAL NAME
Personal name Linwood/Jeff
245 ## - TITLE STATEMENT
Title Building portals with the Java portlet API
260 ## - PUBLICATION, DISTRIBUTION, ETC.
Name of publisher, distributor, etc. Apress
Date of publication, distribution, etc. 2004
366 ## - TRADE AVAILABILITY INFORMATION
Publishers's discount category 20
300 ## - PHYSICAL DESCRIPTION
Extent 393
546 ## - LANGUAGE NOTE
Language note ENGLISH
-- electronics
942 ## - ADDED ENTRY ELEMENTS (KOHA)
Koha item type BOOK
Holdings
Withdrawn status Lost status Damaged status Not for loan Collection Home library Current library Date acquired Source of acquisition Cost, normal purchase price Inventory number Total Checkouts Full call number Barcode Date last seen Cost, replacement price Price effective from Koha item type
        CRC Fr. Agnel's C.Rodrigues College of Engineering Fr. Agnel's C.Rodrigues College of Engineering 17/03/2023 Vakratund Book House 400.00 3440 dt 28/03/2012   21937 17/03/2023 500.00   BOOK